| Tag |
First Indicator |
Second Indicator |
Subfields |
| LEADER |
00000pam a2200000 a 4500 |
| 001 |
in00000090990 |
| 005 |
20151008063844.0 |
| 008 |
801002s1981 ctu b 00110 engm |
| 010 |
|
|
|a 80025041
|
| 020 |
|
|
|a 0819550531
|
| 035 |
|
|
|a (OCoLC)06864119
|
| 035 |
|
|
|9 AAK3057AM
|
| 040 |
|
|
|a DLC
|c DLC
|d m.c.
|d TXA
|d UtOrBLW
|
| 043 |
|
|
|a n-us---
|a n-usn--
|
| 049 |
|
|
|a TXAM
|c [1196163]
|
| 050 |
0 |
0 |
|a PS368
|b .G87
|
| 082 |
0 |
|
|a 810/.9/15
|2 19
|
| 100 |
1 |
|
|a Gura, Philip F.,
|d 1950-
|
| 245 |
1 |
4 |
|a The wisdom of words :
|b language, theology, and literature in the New England renaissance /
|c Philip F. Gura.
|
| 250 |
|
|
|a 1st ed.
|
| 264 |
|
1 |
|a Middletown, Conn. :
|b Wesleyan University Press ;
|c [1981]
|
| 264 |
|
2 |
|a Irvington, NY :
|b Distributed for Wesleyan University Press by Columbia University Press,
|
| 264 |
|
4 |
|c ©1981
|
| 300 |
|
|
|a x, 203 pages ;
|c 24 cm.
|
| 336 |
|
|
|a text
|b txt
|2 rdacontent
|
| 337 |
|
|
|a unmediated
|b n
|2 rdamedia
|
| 338 |
|
|
|a volume
|b nc
|2 rdacarrier
|
| 500 |
|
|
|a Includes index.
|
| 504 |
|
|
|a Bibliography: pages 191-194.
|
| 650 |
|
0 |
|a American prose literature
|y 19th century
|x History and criticism.
|
| 650 |
|
0 |
|a Language and languages
|x Religious aspects
|x History.
|
| 650 |
|
0 |
|a Symbolism in literature.
|
| 651 |
|
0 |
|a New England
|x Intellectual life.
|
| 650 |
|
0 |
|a Theology
|x History
|y 19th century.
|
| 999 |
|
|
|a MARS
|
| 999 |
f |
f |
|s 67064bef-51ee-3804-8365-78472729f280
|i bcb9f46a-dcbf-3893-bbdd-5e572aa9d00a
|t 0
|
| 952 |
f |
f |
|p normal
|a Texas A&M University
|b College Station
|c Sterling C. Evans Library
|d Evans: Library Stacks
|t 0
|e PS368 .G87
|h Library of Congress classification
|i unmediated -- volume
|m A14806188772
|
| 998 |
f |
f |
|a PS368 .G87
|t 0
|l Evans: Library Stacks
|